[Event "Berliner Sommer"]
[Site "Berlin"]
[Date "1996.??.??"]
[Round "2"]
[White "Loginov, Valery A"]
[Black "Suhl, Dirk"]
[Result "1-0"]
[WhiteElo "2525"]
[BlackElo "2245"]

1.Nf3 d5 2.g3 Nc6 3.c4 d4 4.Bg2 e5 5.d3 Bb4+ 6.Nfd2 Be7 7.Na3 Nf6 8.Nc2 O-O
9.Rb1 a5 10.a3 Bf5 11.b4 axb4 12.Nxb4 Bxb4 13.axb4 Re8 14.b5 Na5 15.O-O e4
16.dxe4 Nxe4 17.Nxe4 Bxe4 18.Bxe4 Rxe4 19.Qd3 Qe7 20.Bf4 Re8 21.c5 Rxe2 22.Be3 Ra2
23.Qxd4 Rd8 24.Qc3 Qe4 25.Rbd1 Re8 26.Rfe1 Qg4 27.Bf4 Rxe1+ 28.Rxe1 Qd7 29.Bxc7 Qxb5
30.Bxa5  1-0

[Event "Berliner Sommer"]
[Site "Berlin"]
[Date "1996.??.??"]
[Round "4"]
[White "Slobodjan, Roman"]
[Black "Hartman, Christer"]
[Result "1-0"]
[WhiteElo "2520"]
[BlackElo "2370"]

1.Nf3 d5 2.g3 g6 3.Bg2 Bg7 4.d4 Nf6 5.O-O O-O 6.Ne5 Nfd7 7.f4 c6 8.Nc3 f5
9.e3 Nf6 10.b3 Nbd7 11.Ba3 Nxe5 12.dxe5 Ng4 13.Qd2 a5 14.Ne2 Re8 15.Nd4 e6
16.c4 Nh6 17.Bd6 Nf7 18.c5 g5 19.Bf3 g4 20.Bg2 h5 21.Rfc1 Bd7 22.a3 b5 23.Kf2 h4
24.h3 Nh6 25.Rh1 Kf7 26.Rag1 Bf8 27.hxg4 Nxg4+ 28.Ke2 Bxd6 29.cxd6 Rh8 30.gxh4 c5
31.Nf3 a4 32.Ng5+ Kf8 33.Bxd5 exd5 34.Qxd5 Qe8 35.e6 Bc6 36.Qxf5+  1-0

[Event "Berliner Sommer"]
[Site "Berlin"]
[Date "1996.??.??"]
[Round "6"]
[White "Sergeev, Vladimir"]
[Black "Jaeckle, Marco"]
[Result "1-0"]
[WhiteElo "2435"]
[BlackElo "2280"]

1.Nf3 d5 2.g3 Nf6 3.Bg2 Bf5 4.O-O e6 5.d3 h6 6.Nbd2 c6 7.b3 Be7 8.Bb2 O-O
9.c4 Bh7 10.a3 a5 11.Ra2 Nfd7 12.Qa1 Bf6 13.Rc1 Bxb2 14.Qxb2 Qf6 15.b4 Qxb2
16.Rxb2 axb4 17.axb4 Re8 18.b5 c5 19.Ne1 Nf6 20.f4 b6 21.h3 Ra7 22.e4 dxe4
23.dxe4 g5 24.Kf2 gxf4 25.gxf4 Rd8 26.Ke3 Kh8 27.Bf3 Nbd7 28.Rc3 Nf8 29.Rd3 Rxd3+
30.Nxd3 N6d7 31.Rb3 f5 32.e5 Ng6 33.Nb1 Kg7 34.Nc3 Bg8 35.Bc6 Nb8 36.Nb2 Nd7
37.Nca4 Ngf8 38.Rd3 Kf7 39.Rd6 Ke7 40.Bxd7 Nxd7 41.Nxb6  1-0

[Event "Berliner Sommer"]
[Site "Berlin"]
[Date "1996.??.??"]
[Round "7"]
[White "Anastasian, Ashot"]
[Black "Slobodjan, Roman"]
[Result "1-0"]
[WhiteElo "2550"]
[BlackElo "2520"]

1.Nf3 d5 2.g3 Bg4 3.Bg2 c6 4.c4 e6 5.cxd5 exd5 6.d3 Nf6 7.Qc2 Bb4+ 8.Nbd2 O-O
9.a3 Ba5 10.O-O Re8 11.b4 Bc7 12.Nb3 Nbd7 13.Bb2 Qe7 14.Nbd4 Rac8 15.e4 Bb6
16.h3 Be6 17.Nxe6 Qxe6 18.Nd4 Qd6 19.Nf5 Qe6 20.g4 dxe4 21.dxe4 Ne5 22.Rad1 Red8
23.Qc3 Rxd1 24.Rxd1 Bc7 25.Qe3 Ng6 26.Qxa7 Qb3 27.Rd2 Bf4 28.Ne3 Bxe3 29.Qxe3  1-0

[Event "Bermuda"]
[Site "Bermuda"]
[Date "1996.??.??"]
[Round "2"]
[White "Donaldson, John W"]
[Black "Zamora, Jorge"]
[Result "1-0"]
[WhiteElo "2420"]
[BlackElo "2405"]

1.Nf3 d5 2.g3 Nf6 3.Bg2 c6 4.c4 e6 5.O-O dxc4 6.a4 Nbd7 7.Qc2 Bd6 8.Na3 O-O
9.Nxc4 Bc7 10.d4 Re8 11.Rd1 Nd5 12.a5 Qe7 13.e4 Nb4 14.Qb3 Rb8 15.Bg5 Qf8
16.Bd2 Na6 17.Qa4 Nf6 18.Nfe5 h6 19.b4 Rd8 20.Bc3 Nd7 21.Nd3 Qe8 22.e5 Nf8
23.h4 Bd7 24.Qc2 Ng6 25.Qe2 Qe7 26.Be4 Be8 27.Qg4 Rd7 28.Rab1 f5 29.exf6 Qxf6
30.Nde5 Nxe5 31.dxe5 Qf7 32.Nd6 Bxd6 33.exd6 Rbd8 34.Be5 c5 35.b5 Nb4 36.h5 Kh8
37.Bg6 Qg8 38.Qf4  1-0

[Event "Bern Cup"]
[Site "Bern"]
[Date "1996.??.??"]
[Round "2"]
[White "Lyrberg, Patrik"]
[Black "Brunner, Lucas"]
[Result "0-1"]
[WhiteElo "2425"]
[BlackElo "2510"]

1.Nf3 d5 2.g3 c6 3.Bg2 Bf5 4.b3 Nf6 5.Bb2 e6 6.O-O h6 7.d3 Be7 8.Nbd2 O-O
9.Re1 Bh7 10.e4 a5 11.a3 Nbd7 12.e5 Ne8 13.Qe2 Nc7 14.h4 b5 15.Rec1 Rb8 16.c3 c5
17.b4 Nb6 18.Nb3 axb4 19.axb4 c4 20.dxc4 bxc4 21.Nc5 Nb5 22.Na6 Rb7 23.Ra5 Nc8
24.Rd1 Nca7 25.Ra2 Qc8 26.Nd4 Nxd4 27.Rxd4 Nb5 28.Rd1 Rb6 29.Rda1 Rd8 30.Qe3 d4
31.cxd4 c3 32.Bc1 Nxd4 33.Nc5 Rxb4 34.Ra8 Qxc5  0-1

[Event "Bern op"]
[Site "Bern"]
[Date "1996.??.??"]
[Round "2"]
[White "Jagstaidt, Patrick"]
[Black "Kelecevic, Nedeljko"]
[Result "0-1"]
[WhiteElo "2110"]
[BlackElo "2480"]

1.Nf3 d5 2.g3 c6 3.Bg2 Bg4 4.d3 Nd7 5.O-O Bxf3 6.Bxf3 h5 7.h3 e5 8.e4 dxe4
9.dxe4 h4 10.g4 Be7 11.Nd2 Qc7 12.a4 Rd8 13.Qe2 Bg5 14.Nc4 Bxc1 15.Rfxc1 Ne7
16.Rd1 Nc8 17.Ra3 Nf8 18.Rad3 Rxd3 19.Qxd3 Ng6 20.Qd2 f6 21.g5 O-O 22.gxf6 Qf7
23.fxg7 Kxg7 24.Bg4 Qxc4 25.Bxc8 Qxe4 26.Bg4 Nf4 27.f3 Qd5 28.Qe1 Qc5+ 29.Qf2 Ne2+
30.Kf1 Ng3+ 31.Kg2 Qc4 32.Qe3 Qe2+ 33.Qxe2 Nxe2 34.Kf2 Nd4 35.c3 Nxf3 36.Rd7+ Kg6
37.Rxb7 Nh2+ 38.Kg2 Nxg4 39.hxg4 Re8 40.Rxa7 e4 41.Ra5 e3 42.Kf1 Re7 43.Ke2 h3
44.Rf5 Rf7 45.Rh5 Rh7 46.Rf5 h2 47.Rf1 h1=Q 48.Rxh1 Rxh1 49.Kxe3 Ra1 50.Kd4 Rxa4+
51.Kc5 Ra6 52.b4 Kf7 53.c4 Ke7 54.b5 cxb5 55.cxb5 Rg6  0-1

[Event "Bern Cup"]
[Site "Bern"]
[Date "1996.??.??"]
[Round "3"]
[White "Markowski, Tomasz"]
[Black "Lagunow, Alexander"]
[Result "1/2-1/2"]
[WhiteElo "2535"]
[BlackElo "2420"]

1.g3 d5 2.Nf3 Nf6 3.Bg2 c6 4.b3 Bg4 5.Bb2 Nbd7 6.O-O e6 7.d3 a5 8.a3 Bd6
9.Nbd2 O-O 10.c4 Qe7 11.Qc2 Rac8 12.h3 Bh5 13.e4 dxe4 14.dxe4 Bxf3 15.Nxf3 e5
16.Rfe1 Rfd8 17.Qc3 b6 18.Re2 Re8 19.Nh4 g6 20.Nf3 Rcd8 21.Qc2 Nf8 22.h4 N6d7
23.Bh3 Ne6 24.Qc3 f6 25.Bxe6+ Qxe6 26.Rd2 Be7 27.Kg2 Nf8 28.h5 Rxd2 29.Qxd2 Kg7
30.hxg6 hxg6 31.Nh4 Qc8 32.a4 Ne6 33.Qd1  1/2-1/2

[Event "Bern op"]
[Site "Bern"]
[Date "1996.??.??"]
[Round "3"]
[White "Sofrigin, Alexej"]
[Black "Manievich, Victor"]
[Result "1-0"]
[WhiteElo "2285"]
[BlackElo "2250"]

1.Nf3 d5 2.g3 c6 3.b3 Nf6 4.Bb2 Bg4 5.Bg2 Nbd7 6.O-O e6 7.d3 Be7 8.Nbd2 O-O
9.c4 a5 10.a3 b5 11.cxb5 cxb5 12.Rc1 Qb6 13.Qc2 Qa6 14.Nd4 Rac8 15.Qb1 Bc5
16.N2f3 e5 17.Nc2 b4 18.axb4 axb4 19.Nxe5 Nxe5 20.Bxe5 Bxe2 21.d4 Bxf1 22.Bxf1 Qa5
23.dxc5 Qxc5 24.Bh3 Rc6 25.Bd4 Qd6 26.Ne3 Re8 27.Nf5 Qe6 28.Rxc6 Qxc6 29.Qa1 h5
30.Qd1 g6 31.Ne3 Ne4 32.Nc2 Rb8 33.Qd3 Nc5 34.Qe3 Ne4 35.Qh6 Nf6 36.Qg5 Ne4
37.Qe5  1-0

[Event "Bern Cup"]
[Site "Bern"]
[Date "1996.??.??"]
[Round "4"]
[White "Markowski, Tomasz"]
[Black "Sadler, Matthew"]
[Result "1-0"]
[WhiteElo "2535"]
[BlackElo "2600"]

1.Nf3 d5 2.g3 c6 3.Bg2 Nf6 4.O-O Bf5 5.d3 e6 6.c4 Nbd7 7.Nc3 Be7 8.cxd5 cxd5
9.Bf4 O-O 10.Nb5 Ne8 11.Rc1 a6 12.Nc3 Nef6 13.Re1 Bg4 14.h3 Bxf3 15.Bxf3 Rc8
16.d4 b5 17.a4 b4 18.Na2 Nb6 19.b3 Nbd7 20.Rxc8 Qxc8 21.Qd3 Qb7 22.Rc1 Rc8
23.Rc2 Rxc2 24.Qxc2 Ne4 25.Kg2 f5 26.Qc7 Qxc7 27.Bxc7 Nc3 28.Nc1 Nf6 29.Kf1 Nfe4
30.Ke1 Kf7 31.Nd3 Ke8 32.Ba5 Na2 33.e3 g6 34.Bg2 Bd8 35.Bxd8 Kxd8 36.Bxe4 fxe4
37.Nc5 a5 38.Nxe6+ Ke7 39.Nc5 Kd6 40.f3 exf3 41.Kf2 Nc1 42.Kxf3 h6 43.h4 Kc6
44.Kf4 Kd6 45.Kf3 Kc6 46.g4 Kd6 47.e4 g5 48.hxg5 hxg5 49.Ke3 Na2 50.e5+ Kc6
51.Kd3 Nc3 52.Ne6 Ne4 53.Ke3 Kb6 54.Nf8 Kc6 55.Ke2 Nc3+ 56.Kd2 Ne4+ 57.Ke3 Kc7
58.Ne6+ Kc6 59.Ke2 Nc3+ 60.Kd2 Ne4+ 61.Ke3 Kb6 62.Nc5 Nxc5 63.dxc5+ Kxc5
64.Kd3 d4 65.e6 Kd6 66.Kxd4 Kxe6 67.Ke4 Kd6 68.Kf5 Kd5 69.Kxg5 Kd4 70.Kf4 Kc3
71.g5 Kxb3 72.g6 Ka3 73.g7 b3 74.g8=Q b2 75.Qg6 Ka2 76.Qc2 Ka1 77.Ke4 b1=Q
78.Qxb1+ Kxb1 79.Kd4 Kb2 80.Kc4  1-0

[Event "Bern op"]
[Site "Bern"]
[Date "1996.??.??"]
[Round "6"]
[White "Jurek, Josef"]
[Black "Mueller, M."]
[Result "1-0"]
[WhiteElo "2345"]
[BlackElo "2345"]

1.Nf3 d5 2.g3 Nf6 3.Bg2 e6 4.O-O Be7 5.c4 O-O 6.d4 c6 7.Qc2 Nbd7 8.b3 b6
9.Rd1 Bb7 10.Nc3 Rc8 11.e4 dxe4 12.Nxe4 c5 13.Nxf6+ Bxf6 14.Ng5 Bxg5 15.Bxb7 Rc7
16.dxc5 Bxc1 17.Raxc1 Rxb7 18.c6 Rc7 19.Rxd7 Rxd7 20.cxd7 Qxd7 21.Rd1 Qc6
22.Rd4 h5 23.Qd2 Re8 24.Rd6 Qe4 25.Rd7 e5 26.Rxa7 Re6 27.Rd7 Qb1+ 28.Qd1 Qf5
29.h4 Rf6 30.Rd8+ Kh7 31.Qd3 e4 32.Qe3 Rg6 33.Rd5 Qg4 34.c5 bxc5 35.Qxc5 Kh6
36.Kh2 Rf6 37.Qe3+ Kh7 38.Rg5 Qe6 39.Rxh5+ Kg8 40.Qd4 Qe7 41.Kg2  1-0

[Event "Bled op"]
[Site "Bled"]
[Date "1996.??.??"]
[Round "8"]
[White "Rotstein, Arkadij"]
[Black "Pavasovic, Dusko"]
[Result "0-1"]
[WhiteElo "2445"]
[BlackElo "2425"]

1.Nf3 d5 2.g3 Bg4 3.Bg2 Nd7 4.c4 c6 5.cxd5 cxd5 6.Nc3 e6 7.O-O Ngf6 8.h3 Bxf3
9.Bxf3 Bd6 10.d4 O-O 11.e4 dxe4 12.Nxe4 Nxe4 13.Bxe4 Rb8 14.Qf3 Qb6 15.d5 Nc5
16.Bc2 exd5 17.Qxd5 Rbd8 18.Qf3 Rfe8 19.Rb1 Ne6 20.Be4 Nd4 21.Qd3 Bxg3 22.Bg5 Rd6
23.Rbe1 Be5 24.Bxh7+ Kh8 25.Bf5 Ne2+ 26.Qxe2 Bh2+ 27.Kxh2 Rxe2 28.Rxe2 Qb5
29.Bg4 Qxg5 30.Re8+ Kh7 31.Rfe1 f5  0-1

[Event "Bled op"]
[Site "Bled"]
[Date "1996.??.??"]
[Round "8"]
[White "Golubovic, Boris"]
[Black "Barle, Janez"]
[Result "0-1"]
[WhiteElo "2385"]
[BlackElo "2430"]

1.Nf3 d5 2.g3 Nf6 3.Bg2 c6 4.O-O Bf5 5.d3 e6 6.c4 Nbd7 7.Nc3 dxc4 8.dxc4 Bb4
9.Bd2 O-O 10.a3 Be7 11.Nh4 Bg4 12.h3 Bh5 13.g4 Ne8 14.gxh5 Bxh4 15.b4 Nb6
16.c5 Nc4 17.Bf4 Qf6 18.Qc1 e5 19.Ne4 Qxf4 20.Qxc4 Rd8 21.e3 Qf5 22.Qe2 Qe6
23.Qg4 Qe7 24.Qf5 g6 25.hxg6 hxg6 26.Qg4 Kh7 27.Qe2 f5 28.Nd2 e4 29.Rad1 Nc7
30.Qc4 Nd5 31.Nb3 Qg5 32.Nd4 Rde8 33.Ne2 f4 34.exf4 Rxf4 35.Rd4 Ref8 36.Nxf4 Nxf4
37.Rd7+ Kh6 38.Qxe4 Nxh3+ 39.Kh2 Nxf2 40.Qe2 Qg3+ 41.Kg1 Nh3+ 42.Kh1 Nf2+
43.Kg1 Bg5 44.Rxf2 Rxf2 45.Qe4 Be3  0-1

[Event "Slovan op"]
[Site "Bratislava"]
[Date "1996.??.??"]
[Round "5"]
[White "Sergeev, Vladimir"]
[Black "Ulak, Slawomir"]
[Result "1/2-1/2"]
[WhiteElo "2410"]
[BlackElo "2255"]

1.Nf3 d5 2.g3 c6 3.Bg2 Bg4 4.b3 Nd7 5.Bb2 Ngf6 6.O-O e6 7.c4 Bd6 8.d3 O-O
9.Nbd2 Qe7 10.a3 a5 11.h3 Bh5 12.cxd5 cxd5 13.Nd4 Rfc8 14.Kh1 Ra6 15.Rc1 Rxc1
16.Qxc1 Bc5 17.N2f3 h6 18.Nb5 e5 19.d4 exd4 20.Nfxd4 Bg6 21.Kg1 Ne4 22.Qf4 Ndf6
23.Rd1 Ra8 24.Qc7 Qe8 25.e3 b6 26.Qc6 Qd8 27.Qc7 Qe8 28.Qf4 Rc8 29.g4 Bh7
30.Nc7 Qe7 31.Ncb5 Re8 32.Re1 Qd7 33.Qc7 Bxd4 34.Qxd7 Nxd7 35.Nxd4 Rc8 36.Rc1 Rxc1+
37.Bxc1 Ne5 38.Bf1 Nc5 39.f3 Bb1 40.Be2 a4 41.bxa4 Nxa4 42.Nb5 Ba2 43.Bd1 Nc5
44.Bb2 Nc4 45.Bd4 Bb3 46.Be2 Kf8 47.Kf2 Ne6 48.Bc3 Ke7 49.Nd4 Nxd4 50.Bxd4 f6
51.Bxc4 dxc4 52.Bxb6 c3 53.Bd4 c2 54.Bb2 Ke6 55.h4 g6 56.e4 f5 57.exf5+ gxf5
58.g5 hxg5 59.hxg5 f4 60.g6 Kf5 61.g7 Kg6 62.Ke2 c1=Q 63.Bxc1 Kxg7 64.Bxf4 Kf7
65.Bd2 Ke6 66.Kd3 Kd7 67.f4 Ba2 68.a4 Kc8 69.Kd4 Bb1 70.Kc5 Kb7 71.f5 Bxf5
72.Kb5 Ka8  1/2-1/2

[Event "GER-chT Federal Cup (Women)"]
[Site "Braunfels"]
[Date "1996.??.??"]
[Round "?"]
[White "Lauterbach, Ingrid"]
[Black "Kunze, Kerstin"]
[Result "1-0"]
[WhiteElo "2180"]
[BlackElo "2150"]

1.Nf3 d5 2.g3 g6 3.Bg2 Bg7 4.d3 e5 5.O-O Nc6 6.Nbd2 Nf6 7.e4 dxe4 8.dxe4 O-O
9.Re1 h6 10.c3 Be6 11.Qc2 a5 12.a4 Qd6 13.b3 Rfd8 14.Bf1 Bg4 15.h3 Bxf3 16.Nxf3 Nd7
17.Be3 Bf8 18.Nd2 Qe6 19.Nc4 Nc5 20.Rad1 b6 21.Bg2 Rxd1 22.Rxd1 Rd8 23.Rd5 Qe8
24.Bc1 Nd7 25.Rd1 Bc5 26.Bxh6 Qe7 27.Be3 Kg7 28.h4 Nf6 29.Rxd8 Nxd8 30.Qd2 Nc6
31.Qe2 Bxe3 32.Nxe3 Qa3 33.Qc4 Qc1+ 34.Bf1 Nd8 35.Qxc7 Ne6 36.Qxe5 Nc5 37.Nd5 Nxe4
38.Nxf6 Nxf6 39.g4 Qd2 40.g5  1-0

[Event "POL-ch (Women)"]
[Site "Brzeg Dolny"]
[Date "1996.??.??"]
[Round "11"]
[White "Kaczorowska, Barbara"]
[Black "Kludacz, Magdalena"]
[Result "1/2-1/2"]
[WhiteElo "2200"]
[BlackElo "2105"]

1.Nf3 d5 2.g3 c6 3.Bg2 Bf5 4.d3 Nf6 5.b3 e6 6.O-O h6 7.Bb2 Nbd7 8.Nbd2 Bc5
9.c4 O-O 10.h3 Re8 11.Nd4 Bg6 12.Nc2 e5 13.e4 Nf8 14.Kh2 Bh5 15.f3 Qd7 16.Qe2 Rad8
17.Rad1 a5 18.Bc3 Qc7 19.a3 Ne6 20.b4 axb4 21.axb4 Ba7 22.Nb3 Nd7 23.Ra1 Bb8
24.Be1 Nb6 25.Bf2 f6 26.cxd5 cxd5 27.Rfc1 dxe4 28.dxe4 Nc8 29.Ne3 Qf7 30.Nd5 Ne7
31.Nxe7+ Rxe7 32.Ra8 Red7 33.Bb6 Bc7 34.Rxd8+ Nxd8 35.Bxc7 Qxb3 36.Qc4+ Qxc4
37.Rxc4 Nc6 38.Ba5 Rd3 39.f4 Bf7 40.Rc5 exf4 41.gxf4 Rb3 42.e5 fxe5 43.fxe5 Nxb4
44.Rc8+ Kh7 45.Bxb7 Nd3 46.Be4+ Bg6 47.Bd5 Rb2+ 48.Kg3 Bf5 49.Bg8+ Kg6 50.Rc6+ Kh5
51.Bf7+ g6 52.Rc4 Bxh3 53.Bd8 Rg2+ 54.Kxh3 Nf4+ 55.Rxf4 Rg3+ 56.Kh2 Rg2+  1/2-1/2

[Event "Bucharest"]
[Site "Bucharest"]
[Date "1996.??.??"]
[Round "?"]
[White "Marin, Mihail"]
[Black "Todorovic, Goran M"]
[Result "*"]
[WhiteElo "2545"]
[BlackElo "2470"]

1.Nf3 d5 2.g3 c5 3.Bg2 Nc6 4.d4 Nf6 5.O-O Bg4 6.dxc5 e5 7.c4 Bxc5 8.cxd5 Qxd5
9.Qa4 b5 10.Qc2 Nb4 11.Qd2 Bxf3 12.Bxf3 e4 13.Bg2 Rd8 14.Qf4 Qe6 15.Nc3 Nbd5
16.Nxd5 Qxd5  *

[Event "Schneider mem op "]
[Site "Budapest"]
[Date "1996.??.??"]
[Round "?"]
[White "Bognar, Csaba"]
[Black "Szirmai, Emil"]
[Result "1/2-1/2"]
[WhiteElo "2145"]
[BlackElo "2240"]

1.Nf3 d5 2.g3 Nf6 3.Bg2 Bg4 4.d3 Nc6 5.c3 a5 6.Qc2 e5 7.O-O Be7 8.e4 d4 9.h3 Bxf3
10.Bxf3 O-O 11.c4 Nd7 12.a3 Nc5 13.Bg2 a4 14.Nd2 Na5 15.Rb1 Ra6 16.Nf3 Bf6
17.Bd2 Nab3 18.Bb4 Re8 19.Bxc5 Nxc5 20.Nd2 Qd6 21.f4 Rb6 22.Kh1 Nb3 23.Nxb3 Rxb3
24.Rf2 c5 25.Rbf1 Re7 26.Qd2 Qa6 27.Bf3 Rb6 28.Bd1 Qa8 29.f5 Ra6 30.h4 Rc7
31.Rh2 Qd8 32.Qf2 g6 33.fxg6 fxg6 34.Bxa4 Bg7 35.Bd1 Rf6 36.Qg1 Rcf7 37.Rhf2 Qf8
38.Rxf6 Rxf6 39.Rxf6 Qxf6 40.Kg2 Bh6 41.Bf3 Qb6 42.Qb1 Qa5 43.Qf1 Qd2+ 44.Kh3 Qxb2
45.Bg4 Qb6 46.Qd1 Be3 47.Qa4 Qf6 48.Qa8+ Kg7 49.Qxb7+ Kh6 50.Qb1 Qf2 51.Qd1 Kg7
52.h5 Bd2 53.Qf3  1/2-1/2

[Event "Budapest FS02 IM"]
[Site "Budapest"]
[Date "1996.??.??"]
[Round "1"]
[White "Zaitsev, Vadim"]
[Black "Hennig, Dirk"]
[Result "0-1"]
[WhiteElo "2365"]
[BlackElo "2355"]

1.Nf3 d5 2.g3 c6 3.b3 Bg4 4.Bg2 Nd7 5.Bb2 e6 6.d3 Ngf6 7.Nbd2 Be7 8.O-O O-O
9.e4 a5 10.a4 Qc7 11.Qe1 Rfd8 12.h3 Bh5 13.Nh2 dxe4 14.dxe4 Bb4 15.e5 Bxd2
16.Qxd2 Nd5 17.Rae1 Bg6 18.Re2 Nb4 19.Qc1 Nb6 20.f4 N6d5 21.Rff2 Qb6 22.Bxd5 Rxd5
23.Nf1 Rad8 24.Ne3 R5d7 25.Kh2 Qa7 26.Ba3 b5 27.Bxb4 axb4 28.axb5 cxb5 29.Qe1 Qd4
30.f5 Bxf5 31.Nxf5 exf5 32.Rxf5 Qc3 33.Qxc3 bxc3 34.e6 Rd2 35.exf7+ Kf8 36.Rg2 b4
37.Rgf2 R8d5 38.Rf4 g5 39.Rf6 Rd6 40.Rf5 R6d5 41.Rf3 Re5 42.Kg2 Re1 43.Rf5 Rc1
44.Rb5 Rxf2+ 45.Kxf2 Rxc2+ 46.Ke3 Rg2 47.Rxb4 Rxg3+ 48.Ke4 Kxf7 49.Kf5 Rxh3
50.Rb7+ Ke8 51.Kxg5 Kd8 52.Rb5 Rg3+ 53.Kf4 Rg7 54.Rb8+ Kc7 55.Rb4 Kc8 56.Ra4 Rc7
57.Ra1 Kb7 58.Ke3 h5 59.Kd3 c2 60.Kd2 c1=Q+  0-1

[Event "Spring op"]
[Site "Budapest"]
[Date "1996.??.??"]
[Round "1"]
[White "Zemerov, Vladimir"]
[Black "Kinez, Ivo"]
[Result "1-0"]
[WhiteElo "2410"]
[BlackElo "2115"]

1.Nf3 d5 2.g3 Nf6 3.Bg2 g6 4.d4 Bg7 5.c4 c6 6.cxd5 cxd5 7.O-O O-O 8.Ne5 Nbd7
9.Nc3 Nb6 10.a4 a5 11.b3 Bf5 12.Bb2 Rc8 13.Rc1 Ng4 14.Nxg4 Bxg4 15.Qd2 Qd7
16.Nb5 Rc6 17.e3 Ra8 18.Bc3 Bh3 19.Bxa5 Bxg2 20.Kxg2 Nc8 21.Bb4 h5 22.h4 e6
23.Rc2 Ne7 24.Bxe7 Qxe7 25.Rfc1 Rac8 26.Na7 Rxc2 27.Rxc2 Rxc2 28.Qxc2 e5
29.dxe5 Bxe5 30.Nb5 Kg7 31.Qd3 Qc5 32.Nd4 b6 33.Nf3 Bf6 34.Nd4 Be5 35.Nc2 Bf6
36.Kg1 Qc6 37.Nb4 Qc1+ 38.Kg2 d4 39.exd4 Qb2 40.Nc2 g5 41.hxg5 Bxg5 42.Ne3 Kg8
43.Nf5 Bf6 44.Qe3 Kf8 45.Qh6+ Ke8 46.Qxf6  1-0

[Event "HUN-ch"]
[Site "Budapest"]
[Date "1996.??.??"]
[Round "2"]
[White "Fogarasi, Tibor"]
[Black "Gyimesi, Zoltan"]
[Result "1/2-1/2"]
[WhiteElo "2505"]
[BlackElo "2480"]

1.Nf3 d5 2.g3 Bg4 3.Bg2 Nd7 4.O-O c6 5.d3 Ngf6 6.b3 g6 7.Bb2 Bg7 8.c4 O-O
9.Nbd2 Qb6 10.Qc2 Rfe8 11.cxd5 cxd5 12.Rfc1 Nf8 13.Bd4 Qa6 14.h3 Bd7 15.Qb2 Ne6
16.Bc3 Rec8 17.Ne5 Be8 18.Ndf3 Qd6 19.e3  1/2-1/2

[Event "Budapest FS09 GM"]
[Site "Budapest"]
[Date "1996.??.??"]
[Round "2"]
[White "Schebler, Gerhard"]
[Black "Acs, Peter"]
[Result "1/2-1/2"]
[WhiteElo "2425"]
[BlackElo "2410"]

1.Nf3 d5 2.g3 c6 3.Bg2 Nf6 4.d3 Bg4 5.O-O Nbd7 6.c4 e6 7.Be3 Bd6 8.Qb3 Qb8
9.Nc3 O-O 10.Rac1 a5 11.Rfe1 dxc4 12.dxc4 Nc5 13.Bxc5 Bxc5 14.Na4  1/2-1/2

[Event "Budapest FS11 GM"]
[Site "Budapest"]
[Date "1996.??.??"]
[Round "3"]
[White "Csom, Istvan"]
[Black "Horvath, Csaba"]
[Result "1/2-1/2"]
[WhiteElo "2460"]
[BlackElo "2530"]

1.Nf3 d5 2.g3 c6 3.Bg2 Nf6 4.O-O Bf5 5.d3 e6 6.Nbd2 Be7 7.b3 O-O 8.Bb2 h6
9.e3 Bh7 10.Qe2 Nbd7 11.e4 a5 12.a3 Qc7  1/2-1/2

[Event "Spring op"]
[Site "Budapest"]
[Date "1996.??.??"]
[Round "4"]
[White "Sergeev, Vladimir"]
[Black "Ondok, Laszlo"]
[Result "1-0"]
[WhiteElo "2410"]
[BlackElo "2220"]

1.Nf3 d5 2.g3 Nf6 3.Bg2 c6 4.b3 Bg4 5.Bb2 e6 6.O-O Nbd7 7.c4 Bd6 8.d3 O-O
9.Nbd2 Qc7 10.Rc1 Rad8 11.a3 a5 12.Qc2 Rfe8 13.h3 Bxf3 14.Nxf3 e5 15.cxd5 Nxd5
16.e4 Ne7 17.d4 exd4 18.Nxd4 Qb6 19.Rfd1 Ng6 20.Kh1 Bf8 21.Nf5 Nc5 22.Rxd8 Qxd8
23.Bxg7 Bxg7 24.Qxc5 Bf8 25.Qc3 Ne5 26.f4 Nd3 27.Rf1 Nc5 28.Nh6+ Bxh6 29.Qxc5 Bf8
30.Qh5 Qd3 31.Qg4+ Kh8 32.Rd1 Qxb3 33.Rd7 Qe6 34.Qxe6 Rxe6 35.Rxf7 Bxa3 36.Rxb7 Bb4
37.e5 c5 38.Bd5 Re8 39.e6 a4 40.f5 a3 41.f6  1-0

[Event "Spring op"]
[Site "Budapest"]
[Date "1996.??.??"]
[Round "5"]
[White "Szilardfy, Gyula"]
[Black "Rigan, Jozsef"]
[Result "0-1"]
[WhiteElo "2180"]
[BlackElo "2235"]

1.g3 d5 2.Nf3 Nf6 3.Bg2 c6 4.O-O g6 5.d3 Bg7 6.Nbd2 O-O 7.e4 dxe4 8.dxe4 Na6
9.Re1 Nd7 10.Nc4 Nac5 11.Nh4 e5 12.Nd6 Ne6 13.b3 Qe7 14.Bb2 Rd8 15.Nxc8 Raxc8
16.Nf3 Qc5 17.c3 Qb6 18.Qc2 Ndc5 19.Bf1 a5 20.Rad1 Qc7 21.b4 Nd7 22.Bc4 Ndf8
23.a3 b5 24.Ba2 c5 25.bxa5 c4 26.Rxd8 Rxd8 27.Rd1 Nc5 28.Rxd8 Qxd8 29.Ne1 Qxa5
30.Bc1 Nfe6 31.f3 Nd4 32.Qd2 Qxc3 33.Kf2 Na4 34.Bb1 Bf8 35.Qxc3 Nxc3 36.Bc2 Bc5
37.Kf1 f6 38.Bd2 Na4 39.Bxa4 bxa4 40.Bc1 Kf7 41.Bb2 Ke6 42.Bc1 Kd6 43.f4 c3
44.fxe5+ fxe5 45.Nd3 Kc6 46.Kf2 Bd6  0-1

[Event "Budapest FS12 IM"]
[Site "Budapest"]
[Date "1996.??.??"]
[Round "5"]
[White "Vukovic, Ivo"]
[Black "Peredy, Ferenc"]
[Result "1-0"]
[WhiteElo "2310"]
[BlackElo "2305"]

1.Nf3 d5 2.g3 c6 3.Bg2 Bg4 4.O-O Nd7 5.d4 Ngf6 6.b3 e6 7.c4 b5 8.Nbd2 Be7
9.Re1 O-O 10.c5 a5 11.Bb2 h6 12.a3 Qc7 13.b4 Rfe8 14.Nb3 a4 15.Nbd2 Rad8
16.Qc1 Bf5 17.Ne5 Ne4 18.Ndf3 Bf8 19.Nxd7 Rxd7 20.Ne5 Rdd8 21.f3 Nf6 22.g4 Bh7
23.Qf4 Be7 24.h4 Rf8 25.g5 hxg5 26.hxg5 Nd7 27.Kf2 f6 28.Bh3 Nxe5 29.Bxe6+ Kh8
30.dxe5 fxg5 31.Qh2 Rf4 32.Bg4 Kg8 33.Rh1 Bf5 34.Bxf5 Rxf5 35.Qh7+  1-0

[Event "Budapest FS09 GM"]
[Site "Budapest"]
[Date "1996.??.??"]
[Round "6"]
[White "Fang, Joseph"]
[Black "Lukacs, Peter"]
[Result "0-1"]
[WhiteElo "2375"]
[BlackElo "2475"]

1.Nf3 d5 2.g3 c6 3.Bg2 Nf6 4.d3 Bg4 5.Nbd2 e6 6.O-O Be7 7.h3 Bh5 8.e4 O-O
9.Qe2 Nbd7 10.Re1 a5 11.e5 Ne8 12.Nf1 Nc7 13.g4 Bg6 14.Bf4 h6 15.Qd2 c5 16.g5 hxg5
17.Nxg5 c4 18.d4 Bxc2 19.h4 Bd3 20.Re3 Bb4 21.Qd1 f6 22.exf6 Qxf6 23.Rf3 Qxf4
24.Rxf4 Rxf4 25.Nf3 Raf8 26.Ng3 Bd6 27.Nh5 R4f5 28.Ng5 Rxf2 29.Bh3 g6 30.Nxe6 Bh2+
31.Kh1 Be4+ 32.Bg2 Rxg2 33.Ng5 Rxg5+ 34.Kxh2 Rf2+ 35.Kh3 Bf5+  0-1

[Event "HUN-ch"]
[Site "Budapest"]
[Date "1996.??.??"]
[Round "6"]
[White "Ruck, Robert"]
[Black "Varga, Zoltan"]
[Result "1/2-1/2"]
[WhiteElo "2465"]
[BlackElo "2450"]

1.g3 d5 2.Nf3 c6 3.Bg2 Bg4 4.O-O Nd7 5.d4 e6 6.Nbd2 Ngf6 7.Re1 Be7 8.e4 dxe4
9.Nxe4 Nxe4 10.Rxe4 Nf6 11.Re1 h6 12.c3 O-O 13.Qb3 Bxf3 14.Bxf3 Qd7 15.Bd2 Rac8
16.Rad1 Rfd8 17.Bf4 Nd5 18.Bc1 b5 19.Qc2 c5 20.dxc5 Bxc5 21.Rd3 Qc6 22.Red1 Rd7
23.Bxd5 Rxd5 24.Rxd5 exd5 25.Qd3 Rd8 26.Be3 a6 27.Bxc5 Qxc5 28.Qd4 Qxd4 29.Rxd4 Kf8
30.a4 Ke7 31.axb5 axb5 32.Rb4 Rb8 33.Kf1 Kd6  1/2-1/2

[Event "Budapest FS07 GM"]
[Site "Budapest"]
[Date "1996.??.??"]
[Round "6"]
[White "Ribshtein, Nati"]
[Black "Petronijevic, Zoran"]
[Result "1/2-1/2"]
[WhiteElo "2270"]
[BlackElo "2400"]

1.Nf3 d5 2.g3 Nf6 3.Bg2 Bf5 4.O-O e6 5.d3 c6 6.Nbd2 Be7 7.b3 Nbd7 8.Bb2 h6
9.c4 O-O 10.Qc2 a5 11.a3 Re8 12.Bc3 c5 13.e4 Bg4 14.h3 Bh5 15.exd5 exd5 16.Nh4 d4
17.Bb2 Qc7 18.Rae1 Bf8 19.g4 g5 20.Nf5 Bg6 21.Ng3 Bd6 22.Nde4 Bf4 23.b4 axb4
24.axb4 Nxe4 25.Nxe4 b6 26.Ra1 Rxa1 27.Rxa1 Bxe4 28.Bxe4 cxb4 29.Bxd4 Be5
30.Bxe5 Qxe5 31.Rb1 Nc5 32.Rxb4 Nxe4 33.dxe4 Qd4 34.Kg2 Re6  1/2-1/2

[Event "Budapest FS04 GM"]
[Site "Budapest"]
[Date "1996.??.??"]
[Round "7"]
[White "Kozlov, Oleg"]
[Black "Videki, Sandor"]
[Result "1/2-1/2"]
[WhiteElo "2370"]
[BlackElo "2460"]

1.Nf3 d5 2.g3 c6 3.Bg2 Bg4 4.c4 e6 5.O-O Nd7 6.d4 Ngf6 7.Qb3 Qb6 8.Nc3 Be7
9.c5 Qxb3 10.axb3 Bxf3 11.Bxf3 e5 12.e3 O-O 13.b4 a6 14.Nb1 Ne4 15.Bxe4 dxe4
16.Nc3 f5 17.d5 a5 18.Rd1 axb4 19.Rxa8 Rxa8 20.dxc6 Nxc5 21.Nd5 Bd8 22.cxb7 Nxb7
23.Nxb4 Ra1 24.Kg2 Bf6 25.Nc2 Ra6 26.b4 Rb6 27.Rd7 Nd6 28.Na3 Kf8 29.Bd2 Ke8
30.Rc7 Ra6 31.Nc4 Kd8 32.Rc5 Nxc4 33.Rxc4 Ra2 34.Bc3 Kd7 35.b5 Rc2 36.b6 Bd8
37.b7 Bc7 38.Rc5 g6 39.Kf1 Rc1+ 40.Ke2 Rb1 41.g4 Bd6 42.Ra5 fxg4 43.Bxe5 Rxb7
44.Bxd6 Kxd6 45.Rg5 Rf7 46.Rxg4 Ke5 47.Kf1 Rf5 48.h4 Rf7  1/2-1/2

[Event "Budapest FS06 GM"]
[Site "Budapest"]
[Date "1996.??.??"]
[Round "9"]
[White "Collas, Didier"]
[Black "Bezgodov, Alexei"]
[Result "0-1"]
[WhiteElo "2380"]
[BlackElo "2485"]

1.Nf3 d5 2.g3 Bg4 3.Bg2 Nd7 4.d4 e6 5.O-O Bd6 6.Nbd2 Ngf6 7.Re1 O-O 8.e4 dxe4
9.Nxe4 Nxe4 10.Rxe4 Bh5 11.Qe1 Nf6 12.Re3 Rb8 13.Ne5 c6 14.Bd2 Re8 15.c4 Ng4
16.Nxg4 Bxg4 17.Bc3 Rc8 18.b4 Be7 19.a4 Bg5 20.f4 Bf6 21.h3 Bf5 22.Qd1 h6
23.c5 Qd7 24.Re2 h5 25.Rd2 g5 26.fxg5 Bxg5 27.d5 cxd5 28.Qxh5 f6 29.Re2 d4
30.Rd1 e5 31.g4 Be6 32.Be4 Qg7 33.Bg6 Bf7 34.Bxf7+ Qxf7 35.Qxf7+ Kxf7 36.Be1 Rcd8
37.Re4 Ke6 38.h4 Kd5 39.Re2 Bf4 40.Kg2 e4 41.Bg3 Bxg3 42.Kxg3 e3 43.Kf3 Re4
44.h5 Ke5 45.h6 Rf4+ 46.Kg3 Rg8  0-1